| 000 | 005430000a22002050004500 | ||
|---|---|---|---|
| 003 | LK-CoMWRAF | ||
| 005 | 20231109104735.0 | ||
| 008 | 230817t1996 ||||| |||| 00| 0 eng d | ||
| 020 | _a8175540125 | ||
| 040 |
_aLK-CoMWRAF _dLK-CoMWRAF _eLK-CoMWRAF |
||
| 041 | _aeng | ||
| 082 |
_a658.3 _bFLE |
||
| 100 | _aFletcher, John | ||
| 245 | _aConducting effective interviews | ||
| 260 |
_aNew Delhi: _bKorgan Page, _c1996 |
||
| 300 | _a87p. ; 22cm. | ||
| 650 | _aEMPLOYEMENT INTERVIEWING | ||
| 650 | _aPersonnel Selection Interviews | ||
| 942 | _cBK | ||
| 999 |
_c349 _d349 |
||